| 000 | 01093nam a22003137a 4500 | ||
|---|---|---|---|
| 001 | BR0200792 | ||
| 003 | BR-BrBNA | ||
| 005 | 20230928101022.0 | ||
| 007 | ta | ||
| 008 | 230509b bl.||||| |||| 00| 0 por d | ||
| 040 |
_aBR-BrBNA _bpor _cBiblioteca Nacional de Agricultura |
||
| 041 | _a(Por) | ||
| 072 |
_aP35; F04 _b0336 |
||
| 090 | _ 0336 BR0200792 | ||
| 100 | 1 | _aLima, E. do V. | |
| 110 | 1 |
_aUniversidade Estadual Paulista Julio de Mesquita Filho, Botucatu, SP (Brasil). Faculdade de Ciencias Agronomicas _0Tese (Mestre em Agronomia) _910680 |
|
| 245 | 1 | _aAlteracoes dos atributos quimicos do solo e resposta da soja a cobertura vegetal e a calagem superficial na implantacao do sistema de semeadura direta | |
| 260 | 3 |
_aBotucatu, SP (Brasil): _c2001. |
|
| 300 | _a125 p. | ||
| 500 | _aSummaries (Eng, Por); Bibliography p. 108-125; 28 illus. | ||
| 650 | _aSoja | ||
| 650 | _aFertilidade do Solo | ||
| 650 | _aRelacao Solo-Planta | ||
| 650 | _aCalagem | ||
| 650 | _aCobertura Vegetal | ||
| 650 | _aPlantio Direto | ||
| 909 |
_a202309 _bLucia _c55 _dLucia Elande |
||
| 942 | _cBK | ||
| 999 |
_c63888 _d63888 |
||